000 01302nam a2200325 4500
001 0000021859
003 CO-CtgCURN
005 20250429224109.0
007 ta
008 160627s2006 000 0 eng d
020 _a9682474299
040 _aCO-CtgCURN
_bspa
_ccoctgcurn
082 0 _a370.092
_bG165p
100 1 _aGarcía González, Enrique.
245 1 0 _aPiaget :
_bla formacion de la inteligencia /
_cEnrique García González.
250 _a3a ed.
260 _aMexico :
_bTrillas,
_c2006.
300 _a122 p.
336 _2rdacontent
337 _2rdamedia
_asin mediacion
_bn
338 _2rdacarrier
_avolumen
_bnc
490 1 _aBiblioteca grandes educadores ;
_v5
500 _aIncluye indices.
504 _aBibliografia (p. 109-111)
505 8 _aPiaget y otras corrientes del pensamiento cientifico.--Principios generales.--Estadios del desarrollo.--Simbolismo infantil.--El realismo infantil.--El concepto de dibujo infantil y los elementos que lo conforman.--Genesis del lenguaje y de las nociones.--Los fines y los medios de la educación.--La pedagogia experimental: los programas y los metodos
650 1 4 _aEducación.
908 _a160627
942 _cBK
_h370.092
_iG165p
_2ddc
999 _c38877
_d38877